000 00559 a2200169 4500
999 _c5511
_d5511
020 _a0465091857
050 1 0 _aRA 410.53 FUC 1975
100 1 _aFuchs, Victor R.
_eAuthor
245 1 0 _aWho shall live?:
_c[by] Victor R. Fuchs
_bHealth, economics, and social choice /
264 _aNew York:
_bBasic Books Inc. Publishers,
_c1974
300 _avi, 168 p. :
_bill.
500 _aIncludes bibliographical references.
504 _aIncludes bibliographical references.
650 0 _aMedical economics
650 0 _aMedical care
942 _2lcc
_cBK
_h410.53
_iFUC
_kRA